| 000 | 00389nam a2200145Ia 4500 | ||
|---|---|---|---|
| 008 | 230917s9999||||xx |||||||||||||| ||und|| | ||
| 040 |
_e192734 _aMAIN |
||
| 041 | _aEnglish | ||
| 082 | _a417.095496 A81N | ||
| 100 | _aAgrawal, Krishan Dev | ||
| 245 | 0 | _aNepali Sanskrit abhilekhon mein sahitya | |
| 260 |
_aNew Delhi _bAbhishek Prakashan _c2010 |
||
| 300 | _axviii, 194 p. | ||
| 942 | _cBK | ||
| 999 |
_c163052 _d163052 |
||